| 000 | 00835nam a2200229 a 4500 | ||
|---|---|---|---|
| 001 | 000043828 | ||
| 005 | 20201002045007.0 | ||
| 008 | 140506s1991 sp 000 0 spa d | ||
| 020 | _a847969193X | ||
| 040 |
_aDO-SdBNP _bspa _cBNPHU |
||
| 041 | 1 | 7 |
_aspa _heng |
| 082 |
_axxxx _bxxxx |
||
| 100 | 1 |
_aStendhal _971497 |
|
| 240 | 1 | 0 |
_aLes Cenci _lEspañol |
| 245 | 1 | 3 |
_aLos Cenci : _bLa duquesa de Palliano / _cStendhal ; traducción y notas, Consuelo Bergés ; editor Germén Sánchez Ruiperez. |
| 260 |
_a[Madrid] : _bCompañía Europea de Comunicación e Información, _c1991. |
||
| 300 |
_a94 p. ; _c19 cm. |
||
| 490 | 1 |
_aBiblioteca de El sol _v163 |
|
| 500 | _aIncluye referencias bibliográficas y notas al pie de las páginas | ||
| 700 | 1 | 2 |
_aBerges, Consuelo, _d1905-1988 _etr. _971683 |
| 830 | 0 |
_aBiblioteca de El sol ; _n163 _971684 |
|
| 999 |
_c43317 _d43317 |
||